000 01257nabaa22002057a 4500
999 _c6118
_d6118
003 OSt
005 20260122203343.0
008 190701b xxu||||| |||| 00| 0 spa d
040 _cPJ
100 _96884
_aThomas, Gustavo J.
245 1 3 _aLas IA 3.0 deepfake y las administraciones públicas :
_csobre la necesidad de regulación de las IA estatales o el riesgo de la “sociedad confianza cero” /
_bGustavo J. Thomas.
300 _ap. 25-35
505 _t
_aSumario: I. Introducción.— II. Qué es una IA deepfake/deep synthesis.— III. Los riesgos vinculados a su existencia.— IV. Tipos de deepfakes.— V. Control y combate: creación de los SINHAE (órganos electrónicos transhumanos) y su función de policía. Sobre los riesgos de no diferenciar 2.0, 3.0 y 4.0.— VI. Estudio sobre la posible reglamentación de deepfake o deep synthesis.— VII. Conclusión
505 _t¿Te interesa el texto completo? Comunicate al correo: koha@justierradelfuego.gov.ar
650 0 _9211
_aDERECHO ADMINISTRATIVO
650 0 _9877
_aADMINISTRACION PUBLICA
650 0 _95817
_aINTELIGENCIA ARTIFICIAL
773 0 _02842
_93251
_dBuenos Aires : AbeledoPerrot, 2012-
_oDA121
_tDerecho administrativo. Nº 147 mayo/junio 2023
_z18510590
942 _2udc
_cANA